01803cam a2200445Ia 450000100090000000300040000900500170001300800410003001600180007102000180008902000150010704000130012208200200013524501560015526000600031130000420037150002140041350400540062752000440068165000400072565000430076565000370080865100480084565100420089365100540093565100590098970000230104870000170107170000180108870000200110670000220112670000190114870000230116770000330119070000200122370000200124370000290126370000200129271000450131210931942OSt20240530110620.0140524s2014 ua ab b 000 0 eng d7 a0165653242Uk a9789774166181 a9774166183 cEG-CaGPL04221a932bCC/P T00aTombs of the South Asasif Necropolis :bThebes, Karakhamun (TT 223), and Karabasken (TT 391) in the Twenty-fifth Dynasty /cedited by Elena Pischikova. aCairo :bThe American University in Cairo Press,c2014. av-xix, 290 p. :bill., maps ;c25 cm. aA joint publication of the members of the American-Egyptian South Asasif Conservation Project (SACP), working under the auspices of the Ministry of State for Antiquities and the Supreme Council of Antiquities. aIncludes bibliographical references (p. 271-290). aThebes (Egypt : Extinct city); history. 0aTombszEgyptzThebes (Extinct city) 7aAntiquities.2fast0(OCoLC)fst00810745 7aTombs.2fast0(OCoLC)fst01152439 0aThebes (Egypt : Extinct city)xAntiquities. 0aAl ʻAsāsīf (Egypt)xAntiquities. 7aEgyptzAl ʻAsāsīf.2fast0(OCoLC)fst01882639 7aEgyptzThebes (Extinct city)2fast0(OCoLC)fst018973331 aPischikova, Elena.1 aBooth, Adam.1 aBudka, Julia.1 aEigner, Dieter.1 aGriffin, Kenneth.1 aIkram, Salima.1 aJosephson, Jack A.1 aMolinero Polo, Miguel Angel.1 aMorkot, Robert.1 aNaunton, Chris.1 aSzpakowska, Kasia Maria.1 aTaylor, John H.2 aSouth Asasif Conservation Project (SACP)